Osoby povinné platiť daň z pridanej hodnoty v SR v roku 2017

Osoby povinné platiť daň z pridanej hodnoty v Slovenskej republike upravuje § 69 zákona č. 222/2004 Z. z. o dani z pridanej hodnoty v z. n. p. Povinnosť platiť DPH vzniká nielen zdaniteľným osobám registrovaným pre daň podľa § 4 až § 7a zákona o DPH, ale aj zdaniteľným osobám neregistrovaným pre d...

Descripción completa

Guardado en:
Detalles Bibliográficos
Autor principal: Rabatinová, Marcela, 1977-
Formato: Capítulo de libro
Lenguaje:eslovaco
Materias:
Etiquetas: Agregar Etiqueta
Sin Etiquetas, Sea el primero en etiquetar este registro!

MARC

LEADER 00000naa a2200000 4500
001 0236045
005 20240502073822.6
041 0 |a slo 
044 |a SK 
245 1 0 |a Osoby povinné platiť daň z pridanej hodnoty v SR v roku 2017  |c Marcela Rabatinová 
520 |a Osoby povinné platiť daň z pridanej hodnoty v Slovenskej republike upravuje § 69 zákona č. 222/2004 Z. z. o dani z pridanej hodnoty v z. n. p. Povinnosť platiť DPH vzniká nielen zdaniteľným osobám registrovaným pre daň podľa § 4 až § 7a zákona o DPH, ale aj zdaniteľným osobám neregistrovaným pre daň a tiež osobám, ktoré nie sú zdaniteľnými osobami (napr. FO – občanom alebo právnickým osobám, ktoré nie sú zdaniteľnými osobami). Ilustračné príklady. 
610 2 0 |a Slovensko 
610 2 0 |a povinnosť daňová 
610 2 0 |a dane z hodnoty pridanej 
610 2 0 |a osoby právnické 
610 2 0 |a legislatíva 
100 1 |a Rabatinová, Marcela, 1977-